<?xml version="1.0" encoding="UTF-8"?><?xml-stylesheet type="text/xsl" href="static/style.xsl"?><OAI-PMH xmlns="http://www.openarchives.org/OAI/2.0/" xmlns:xsi="http://www.w3.org/2001/XMLSchema-instance" xsi:schemaLocation="http://www.openarchives.org/OAI/2.0/ http://www.openarchives.org/OAI/2.0/OAI-PMH.xsd"><responseDate>2026-04-13T05:58:36Z</responseDate><request verb="GetRecord" identifier="oai:www.recercat.cat:10230/71178" metadataPrefix="marc">https://recercat.cat/oai/request</request><GetRecord><record><header><identifier>oai:recercat.cat:10230/71178</identifier><datestamp>2025-09-11T13:37:39Z</datestamp><setSpec>com_2072_6</setSpec><setSpec>col_2072_452952</setSpec></header><metadata><record xmlns="http://www.loc.gov/MARC21/slim" xmlns:dcterms="http://purl.org/dc/terms/" xmlns:xsi="http://www.w3.org/2001/XMLSchema-instance" xmlns:doc="http://www.lyncode.com/xoai" xsi:schemaLocation="http://www.loc.gov/MARC21/slim http://www.loc.gov/standards/marcxml/schema/MARC21slim.xsd">
   <leader>00925njm 22002777a 4500</leader>
   <datafield ind2=" " ind1=" " tag="042">
      <subfield code="a">dc</subfield>
   </datafield>
   <datafield ind2=" " ind1=" " tag="720">
      <subfield code="a">Amasyalı, Emre</subfield>
      <subfield code="e">author</subfield>
   </datafield>
   <datafield ind2=" " ind1=" " tag="720">
      <subfield code="a">Tarasov, Andrei</subfield>
      <subfield code="e">author</subfield>
   </datafield>
   <datafield ind2=" " ind1=" " tag="260">
      <subfield code="c">2025-09-09T11:52:52Z</subfield>
   </datafield>
   <datafield ind2=" " ind1=" " tag="260">
      <subfield code="c">2025-09-09T11:52:52Z</subfield>
   </datafield>
   <datafield ind2=" " ind1=" " tag="260">
      <subfield code="c">2025</subfield>
   </datafield>
   <datafield ind2=" " ind1=" " tag="520">
      <subfield code="a">Data de publicació electrònica: 31-07-2025</subfield>
   </datafield>
   <datafield ind2=" " ind1=" " tag="520">
      <subfield code="a">The collapse of the USSR forced newly independent states to forge national identities while grappling with imperial legacies. This study investigates nation-building strategies in post-Soviet states during 1990–1999, using the Nation-Building Policies (NBP) dataset from the ETHNICGOODS project, which includes all socially and politically relevant minority groups. Employing cluster analysis, it identifies three typologies of nation-building policies: low, moderate and high inclusion. These typologies reveal varying levels of minority inclusion in language education, citizenship policies and constitutional measures. By examining short-term variations and using the year 2020 as a reference point, this study challenges the simplified view of post-Soviet nation-building as uniformly ‘nationalising’ and highlights significant regional and group-specific differences. Policy shifts reflect dynamic state-minority interactions influenced by geographic, cultural and political factors. The findings enhance understanding of diverse nation-building approaches and provide broader insights into contemporary minority relations in Eastern Europe, Central Asia and the Caucasus, contributing to comparative studies of nation- and state-building.</subfield>
   </datafield>
   <datafield ind2=" " ind1=" " tag="520">
      <subfield code="a">This work was supported by the European Research Council (ERC) under Grant agreement No. 864333 (ETHNICGOODS).</subfield>
   </datafield>
   <datafield ind1="8" ind2=" " tag="024">
      <subfield code="a">http://hdl.handle.net/10230/71178</subfield>
   </datafield>
   <datafield tag="653" ind2=" " ind1=" ">
      <subfield code="a">Ethnic minorities</subfield>
   </datafield>
   <datafield tag="653" ind2=" " ind1=" ">
      <subfield code="a">Nationalising state</subfield>
   </datafield>
   <datafield tag="653" ind2=" " ind1=" ">
      <subfield code="a">Nation-building</subfield>
   </datafield>
   <datafield tag="653" ind2=" " ind1=" ">
      <subfield code="a">Post-Soviet countries</subfield>
   </datafield>
   <datafield tag="653" ind2=" " ind1=" ">
      <subfield code="a">Typology</subfield>
   </datafield>
   <datafield ind2="0" ind1="0" tag="245">
      <subfield code="a">Nation‐building in the wake of empire: identifying patterns of minority policies in the aftermath of soviet collapse</subfield>
   </datafield>
</record></metadata></record></GetRecord></OAI-PMH>